=LDR 00000nam 2200000 4500 =001 000385 =005 20250710031304 =035 ##$$a 0010-0725000246 =007 ta =008 250710################a##########0#ind## =020 ##$$a 978-623-194-318-7 =082 ##$$a 398.209 598 =084 ##$$a 398.209 598 OKT d =100 #$$a Dwi Oktarina =245 1#$$a Dengar Laut Mengalun /$c Dwi Oktarina =250 ##$$a Cetakan Pertama =260 ##$$a Rawamangun :$b Badan Pengembangan dan Pembinaan Bahasa,$c 2022 =300 ##$$a 36 hlm. : $b Ilus. ; $c 29,7 cm. =650 #4$$a Cerita Anak - Indonesia =650 #4$$a Cerita Bergambar =856 ##$$a TBM AS SUHADA =990 ##$$a TBM01070107